[Event "Titled Tuesday intern op 28th Jan Early"]
[Site "Chess.com INT"]
[Date "2025.01.28"]
[Round "3"]
[White "Bonev, Todor"]
[Black "Lantini, Marco"]
[Result "1-0"]
[WhiteElo "2209"]
[BlackElo "1931"]
[PlyCount "93"]
[EventDate "2025.01.28"]
[EventType "swiss (blitz)"]
[EventRounds "11"]
[EventCountry "USA"]
[SourceTitle "CB06_2025"]
[SourceDate "2025.02.05"]
[SourceVersion "1"]
[SourceVersionDate "2025.02.05"]
[SourceQuality "1"]

1. e4 c5 2. Nf3 d6 3. d4 cxd4 4. Nxd4 Nf6 5. Nc3 a6 6. Be2 e5 7. Nb3 Be6 8. Be3 Nbd7 9. 0-0 Be7 10. a4 0-0 11. Qd2 Rc8 12. a5 Qc7 13. Rfc1 Rfd8 14. h3 h6 15. Bf3 Bf8 16. Nd5 Bxd5 17. exd5 e4 18. Be2 Re8 19. c4 Ne5 20. Ra4 Qd7 21. Rb4 Qf5 22. Nd4 Qd7 23. Rb3 Rc7 24. Rbc3 Rec8 25. b4 Qa4 26. Qb2 Nd3 27. Bxd3 exd3 28. Nf3 Ne4 29. Ra3 Qd7 30. Qd4 Qf5 31. Qxd3 Qh7 32. Bb6 Rd7 33. Nd2 Nxd2 34. Qxd2 Qe4 35. Re3 Qf4 36. Qd3 g6 37. Rce1 Bg7 38. c5 dxc5 39. bxc5 Qg5 40. d6 Qf5 41. Qxf5 gxf5 42. Re8+ Rxe8 43. Rxe8+ Kh7 44. Re7 Rd8 45. Rxb7 Rc8 46. d7 Rd8 47. Bxd8 1-0

[Event "Titled Tuesday intern op 03rd Sep Early"]
[Site "Chess.com INT"]
[Date "2024.09.03"]
[Round "3"]
[White "Cherniaiev, Tykhon"]
[Black "Bonev, Todor"]
[Result "1-0"]
[WhiteElo "2306"]
[BlackElo "2209"]
[PlyCount "117"]
[EventDate "2024.09.03"]
[EventType "swiss (blitz)"]
[EventRounds "11"]
[EventCountry "USA"]
[SourceTitle "EXT 2025"]
[Source "ChessBase"]
[SourceDate "2024.10.14"]
[SourceVersion "1"]
[SourceVersionDate "2024.10.14"]
[SourceQuality "1"]

1. Nf3 Nf6 2. d4 g6 3. Nbd2 Bg7 4. e4 0-0 5. Bd3 d6 6. 0-0 Nbd7 7. c3 e5 8. Re1 a6 9. Nf1 c6 10. h3 Qc7 11. b3 b5 12. Ba3 Rd8 13. Ne3 Bb7 14. Qc2 Rac8 15. Rad1 c5 16. dxe5 Nxe5 17. Nxe5 dxe5 18. c4 b4 19. Bb2 Nh5 20. Nd5 Qd6 21. Be2 Nf6 22. Nxb4 Qb6 23. Nd5 Bxd5 24. cxd5 Ne8 25. Rc1 Nd6 26. Ba3 Nb5 27. Bxc5 Qa5 28. b4 Qa3 29. Qd3 Qa4 30. Bd1 Qxa2 31. Bb3 Qa3 32. Ra1 Qb2 33. Ra2 Qc3 34. Qxc3 Nxc3 35. Rxa6 Bf8 36. d6 Nb5 37. Rd1 Nc3 38. Rd3 Nxe4 39. Rf3 Rd7 40. Ba4 Rb7 41. d7 Rd8 42. Bxf8 Kxf8 43. Bc6 Rxb4 44. Ra8 Ke7 45. Rxd8 Kxd8 46. Rxf7 Kc7 47. Rf8 Rd4 48. Rc8+ Kb6 49. Bxe4 Rxd7 50. Rc6+ Kb5 51. Re6 Rd4 52. Rxe5+ Kc4 53. Bf3 Kc3 54. Re3+ Kc4 55. Re4 Rxe4 56. Bxe4 Kd4 57. Bxg6 Ke5 58. Kh2 Kf6 59. Bxh7 1-0

[Event "Titled Tuesday intern op 03rd Sep Early"]
[Site "Chess.com INT"]
[Date "2024.09.03"]
[Round "6"]
[White "Kokoszczynski, Jan"]
[Black "Bonev, Todor"]
[Result "1-0"]
[WhiteElo "2329"]
[BlackElo "2209"]
[PlyCount "137"]
[EventDate "2024.09.03"]
[EventType "swiss (blitz)"]
[EventRounds "11"]
[EventCountry "USA"]
[SourceTitle "EXT 2025"]
[Source "ChessBase"]
[SourceDate "2024.10.14"]
[SourceVersion "1"]
[SourceVersionDate "2024.10.14"]
[SourceQuality "1"]

1. d4 Nf6 2. c4 g6 3. Nc3 c5 4. d5 d6 5. e4 Bg7 6. h3 0-0 7. Nf3 e6 8. Bd3 a6 9. 0-0 e5 10. a4 a5 11. Be3 Nh5 12. Qd2 f5 13. Bg5 Bf6 14. Bxf6 Qxf6 15. exf5 gxf5 16. Qg5+ Qxg5 17. Nxg5 Nf4 18. Bc2 h6 19. Nf3 Nd7 20. Kh2 e4 21. Nh4 Ne5 22. b3 Kf7 23. g3 Nfg6 24. Nxg6 Kxg6 25. Kg2 Bd7 26. Bd1 Rae8 27. f4 Nd3 28. Be2 Nb4 29. Rac1 b6 30. Nd1 Na2 31. Rc2 Nb4 32. Rc1 Kf6 33. Ne3 Rg8 34. Kf2 Re7 35. Rg1 Reg7 36. Rg2 Be8 37. Rcg1 h5 38. g4 hxg4 39. hxg4 fxg4 40. Nxg4+ Ke7 41. Ne3 Rxg2+ 42. Rxg2 Rxg2+ 43. Kxg2 Kf6 44. Kg3 Bd7 45. Kf2 Bf5 46. Kg3 Nd3 47. Bxd3 exd3 48. Nf1 Be4 49. Kf2 Kf5 50. Ke3 Bg2 51. Nd2 Bh3 52. Nb1 Bg4 53. Nd2 Bd1 54. Kxd3 Kxf4 55. Kc3 Ke3 56. Nb1 Be2 57. Na3 Bd3 58. Nb5 Bf5 59. Nxd6 Bd7 60. Nb5 Kf4 61. Na3 Ke3 62. Nc2+ Ke4 63. Kd2 Be8 64. Na3 Kd4 65. Nb5+ Ke4 66. Ke2 Bh5+ 67. Kd2 Ke5 68. Na7 Be8 69. Nc8 1-0

[Event "Titled Tuesday intern op 03rd Sep Early"]
[Site "Chess.com INT"]
[Date "2024.09.03"]
[Round "1"]
[White "Suyarov, Mukhammadzokhid"]
[Black "Bonev, Todor"]
[Result "1-0"]
[WhiteElo "2467"]
[BlackElo "2209"]
[PlyCount "75"]
[EventDate "2024.09.03"]
[EventType "swiss (blitz)"]
[EventRounds "11"]
[EventCountry "USA"]
[SourceTitle "EXT 2025"]
[Source "ChessBase"]
[SourceDate "2024.10.14"]
[SourceVersion "1"]
[SourceVersionDate "2024.10.14"]
[SourceQuality "1"]

1. e4 c5 2. Nf3 e6 3. c3 a6 4. d4 cxd4 5. cxd4 d5 6. e5 Nc6 7. a3 f6 8. Bd3 g6 9. 0-0 Bg7 10. exf6 Nxf6 11. Bf4 0-0 12. Bg3 Bd7 13. Nc3 Rc8 14. Rc1 b5 15. Re1 Qb6 16. Bf1 Na5 17. Ne5 Nc4 18. b3 Nxa3 19. Bh4 Qd6 20. g3 b4 21. Ne2 Ne4 22. f3 g5 23. fxe4 gxh4 24. exd5 hxg3 25. hxg3 exd5 26. Nf4 Bb5 27. Bg2 Rce8 28. Bxd5+ Kh8 29. Nf7+ Rxf7 30. Bxf7 Bxd4+ 31. Kh2 Qh6+ 32. Bh5 Be5 33. Rc5 Bxf4 34. Qd4+ Kg8 35. gxf4 Rxe1 36. Rg5+ Kf8 37. Qc5+ Re7 38. Qf5+ 1-0

[Event "BUL-chT rapid 70th"]
[Site "Primorsko"]
[Date "2020.09.08"]
[Round "5.1"]
[White "Bonev, Todor"]
[Black "Enchev, Ivajlo"]
[Result "1/2-1/2"]
[WhiteElo "2274"]
[BlackElo "2491"]
[PlyCount "56"]
[EventDate "2020.09.08"]
[EventType "team-tourn (rapid)"]
[EventRounds "7"]
[EventCountry "BUL"]
[SourceTitle "CBM 198 Extra"]
[Source "ChessBase"]
[SourceDate "2020.11.30"]
[SourceVersion "1"]
[SourceVersionDate "2020.11.30"]
[SourceQuality "1"]
[WhiteTeam "Blagoevgrad Victory"]
[BlackTeam "Razgrad Abritus"]
[WhiteTeamCountry "BUL"]
[BlackTeamCountry "BUL"]

1. e4 e5 2. Nf3 Nc6 3. Bb5 a6 4. Ba4 d6 5. 0-0 Bd7 6. c3 g6 7. d4 Bg7 8. d5 Nce7 9. Bxd7+ Qxd7 10. c4 h6 11. Nc3 f5 12. Ne1 Nf6 13. f3 0-0 14. Nd3 c6 15. Be3 g5 16. exf5 cxd5 17. cxd5 Nexd5 18. Nxd5 Nxd5 19. Qb3 Qb5 20. Nb4 Qxb4 21. Qxd5+ Kh8 22. g4 Qxb2 23. Rab1 Qa3 24. Rb3 Qxa2 25. Rf2 Qa1+ 26. Rf1 Qa2 27. Rf2 Qa1+ 28. Rf1 Qa2 1/2-1/2

[Event "Albena op-B"]
[Site "Albena"]
[Date "2015.06.17"]
[Round "1"]
[White "Bonev, Todor"]
[Black "Babanin, Gleb"]
[Result "1-0"]
[WhiteElo "2204"]
[BlackElo "1837"]
[PlyCount "113"]
[EventDate "2015.06.17"]
[EventType "swiss"]
[EventRounds "9"]
[EventCountry "BUL"]
[SourceTitle "CBM 167 Extra"]
[Source "ChessBase"]
[SourceDate "2015.09.14"]
[SourceVersion "1"]
[SourceVersionDate "2015.09.14"]
[SourceQuality "1"]

1. e4 c5 2. Nf3 d6 3. d4 cxd4 4. Nxd4 Nf6 5. Nc3 a6 6. Be2 e5 7. Nb3 Be7 8. 0-0 0-0 9. Be3 Be6 10. Bf3 Nbd7 11. a4 Rc8 12. h3 Nb6 13. Nd2 Qc7 14. a5 Nbd7 15. Nb3 h6 16. Qd2 Nh7 17. Rfd1 Ndf6 18. Rac1 Ng5 19. Bxg5 hxg5 20. Nd5 Bxd5 21. exd5 Nd7 22. Re1 f5 23. Nd4 Nc5 24. b4 exd4 25. bxc5 dxc5 26. Rb1 Bd6 27. Qxg5 Qxa5 28. Re6 Qc7 29. Rbe1 Bf4 30. Qh4 Bd2 31. d6 Qd8 32. Re7 Qxd6 33. R1e6 Qf4 34. Bd5 Qxh4 35. Rh6+ Rf7 36. Rxh4 Rcf8 37. Rxb7 g5 38. Bxf7+ Rxf7 39. Rxf7 Kxf7 40. Rh7+ Kg6 41. Rc7 a5 42. Rxc5 Bc3 43. Kf1 Kf6 44. Ke2 Ke6 45. Kd3 Be1 46. f3 Bb4 47. Rb5 Bc3 48. g3 a4 49. Rb6+ Ke5 50. Ra6 Be1 51. g4 fxg4 52. fxg4 Bf2 53. Rxa4 Kf4 54. Rxd4+ Kg3 55. c4 Kxh3 56. c5 Bg3 57. c6 1-0

[Event "Plovdiv Tringov Memorial 36th"]
[Site "Plovdiv"]
[Date "2014.02.06"]
[Round "6"]
[White "Stoinev, Metodi"]
[Black "Bonev, Todor"]
[Result "1/2-1/2"]
[WhiteElo "2231"]
[BlackElo "2267"]
[PlyCount "142"]
[EventDate "2014.02.02"]
[EventType "swiss"]
[EventRounds "9"]
[EventCountry "BUL"]
[SourceTitle "CBM 158 Extra"]
[Source "ChessBase"]
[SourceDate "2014.02.28"]
[SourceVersion "1"]
[SourceVersionDate "2014.02.28"]
[SourceQuality "1"]

1. e4 c5 2. c3 Nf6 3. e5 Nd5 4. Nf3 e6 5. g3 Nc6 6. Bg2 Be7 7. 0-0 0-0 8. Re1 f6 9. d4 cxd4 10. cxd4 fxe5 11. dxe5 b6 12. Nc3 Nxc3 13. bxc3 Bb7 14. Be3 Na5 15. Bd4 Qc7 16. Nd2 Bxg2 17. Kxg2 Rac8 18. Ne4 Qc4 19. Qe2 Qxe2 20. Rxe2 Rc7 21. f4 Nc4 22. Rd1 Rfc8 23. h4 Ba3 24. Rb1 Be7 25. Kf3 Rf8 26. Rd1 Na3 27. Rb2 Rfc8 28. Rd3 Nc4 29. Re2 Ba3 30. Rd1 Nb2 31. Rb1 Na4 32. Rd2 Kf8 33. Rb3 Be7 34. Rb5 Rc4 35. Rb3 R8c7 36. Rb1 Ke8 37. Rbd1 Ba3 38. h5 Bc5 39. Bxc5 Rxe4 40. Bd6 Rcc4 41. Bb4 d5 42. exd6 Kd7 43. Rd4 Rexd4 44. Rxd4 Rxd4 45. cxd4 a5 46. Bd2 Kxd6 47. Ke4 Nb2 48. g4 Nc4 49. Be1 g6 50. h6 b5 51. f5 exf5+ 52. gxf5 gxf5+ 53. Kxf5 b4 54. Ke4 Nb6 55. Bg3+ Ke6 56. Bc7 Nd5 57. Bxa5 Nc3+ 58. Kd3 Nxa2 59. Kc4 Nc3 60. Bxb4 Nd5 61. Bf8 Nf4 62. Kc5 Nd5 63. Kc6 Nf6 64. Bg7 Nd5 65. Be5 Ne3 66. Bf4 Nd5 67. Bg5 Nc3 68. Bf4 Nd5 69. Be5 Ne3 70. Bg7 Nd5 71. Be5 Nc3 1/2-1/2

[Event "Kesarovski Georgiev Memorial-B 12th"]
[Site "Sunny Beach"]
[Date "2013.09.06"]
[Round "7"]
[White "Bonev, Todor"]
[Black "Malay, Sergey"]
[Result "1-0"]
[WhiteElo "2284"]
[BlackElo "1921"]
[PlyCount "87"]
[EventDate "2013.08.31"]
[EventType "swiss"]
[EventRounds "9"]
[EventCountry "BUL"]
[SourceTitle "CBM 156 Extra"]
[Source "ChessBase"]
[SourceDate "2013.10.22"]
[SourceVersion "1"]
[SourceVersionDate "2013.10.22"]
[SourceQuality "1"]

1. e4 c5 2. Nf3 e6 3. d4 cxd4 4. Nxd4 a6 5. Bd3 Nf6 6. 0-0 Bc5 7. Nb3 Be7 8. Qe2 d6 9. Bf4 Nc6 10. N1d2 e5 11. Bg5 Ng4 12. Bxe7 Nxe7 13. f3 Nf6 14. Qe3 Ng6 15. Nc4 b5 16. Nb6 Rb8 17. Nxc8 Rxc8 18. a4 0-0 19. axb5 axb5 20. Ra5 b4 21. Qd2 Rb8 22. Rfa1 Nf4 23. Bf1 g5 24. Rd1 Qb6+ 25. Kh1 Rfd8 26. Ra6 Qc7 27. Rxd6 Ne6 28. Rxd8+ Rxd8 29. Qc1 Rc8 30. Qe3 Kg7 31. Ra1 h5 32. Bd3 h4 33. Ra7 Qd8 34. Ra5 Qd6 35. Nd2 b3 36. Nxb3 Nh5 37. Rd5 Qb4 38. Rxe5 Nhf4 39. Rb5 Qa4 40. Kg1 Rd8 41. Ra5 Rxd3 42. Qxd3 Qxa5 43. Nxa5 Nxd3 44. cxd3 1-0

[Event "Sunny Beach op 10th"]
[Site "Sunny Beach"]
[Date "2011.09.03"]
[Round "8"]
[White "Banov, Boil"]
[Black "Bonev, Todor"]
[Result "1-0"]
[WhiteElo "2127"]
[BlackElo "2300"]
[PlyCount "91"]
[EventDate "2011.08.27"]
[EventType "swiss"]
[EventRounds "9"]
[EventCountry "BUL"]
[SourceTitle "CBM 144 Extra"]
[Source "ChessBase"]
[SourceDate "2011.10.28"]
[SourceVersion "1"]
[SourceVersionDate "2011.10.28"]
[SourceQuality "1"]

1. c4 g6 2. g3 Bg7 3. Bg2 d6 4. Nc3 e5 5. e4 Nc6 6. Nge2 f5 7. d3 Nf6 8. 0-0 0-0 9. h3 Be6 10. Nd5 Rb8 11. Bg5 Ne7 12. Qd2 c6 13. Nxf6+ Bxf6 14. Bxf6 Rxf6 15. b3 Qd7 16. Kh2 Rbf8 17. f4 c5 18. Nc3 R6f7 19. Rae1 fxe4 20. fxe5 Rxf1 21. Rxf1 Rxf1 22. Bxf1 exd3 23. Ne4 Qd8 24. exd6 Nf5 25. Qxd3 b6 26. Bg2 Nd4 27. Qe3 Bf5 28. Qf4 Bxe4 29. Bxe4 Kg7 30. g4 Qf6 31. Qxf6+ Kxf6 32. Bd5 g5 33. h4 h6 34. hxg5+ hxg5 35. Kg2 Ne2 36. a3 a5 37. Bc6 Ke6 38. d7 Ke7 39. Bb5 Nc3 40. Bc6 Ne2 41. Kf2 Nd4 42. Ba4 Ne6 43. Ke3 Kd6 44. Ke4 Nd8 45. Kf5 Ke7 46. Kxg5 1-0

[Event "Sunny Beach op 10th"]
[Site "Sunny Beach"]
[Date "2011.09.02"]
[Round "7"]
[White "Bonev, Todor"]
[Black "Colovic, Aleksandar"]
[Result "0-1"]
[WhiteElo "2300"]
[BlackElo "2450"]
[PlyCount "52"]
[EventDate "2011.08.27"]
[EventType "swiss"]
[EventRounds "9"]
[EventCountry "BUL"]
[SourceTitle "CBM 144 Extra"]
[Source "ChessBase"]
[SourceDate "2011.10.28"]
[SourceVersion "1"]
[SourceVersionDate "2011.10.28"]
[SourceQuality "1"]

1. e4 c5 2. Nf3 e6 3. d4 cxd4 4. Nxd4 Nc6 5. Nc3 Qc7 6. Be2 a6 7. 0-0 Nf6 8. Be3 Bb4 9. Nxc6 bxc6 10. Qd4 c5 11. Qc4 d6 12. a3 Bxc3 13. Qxc3 0-0 14. f3 Bb7 15. b4 Rfc8 16. bxc5 Nd7 17. Rab1 a5 18. Rfd1 Ba6 19. Bb5 Nxc5 20. e5 Bxb5 21. Rxb5 Qc6 22. Qc4 d5 23. Qxc5 Qe8 24. Rxa5 Rxc5 25. Rxa8 Qxa8 26. Bxc5 Qc6 0-1

[Event "Sunny Beach op 10th"]
[Site "Sunny Beach"]
[Date "2011.09.01"]
[Round "6"]
[White "Galicek, Stanislav"]
[Black "Bonev, Todor"]
[Result "0-1"]
[WhiteElo "2155"]
[BlackElo "2300"]
[PlyCount "94"]
[EventDate "2011.08.27"]
[EventType "swiss"]
[EventRounds "9"]
[EventCountry "BUL"]
[SourceTitle "CBM 144 Extra"]
[Source "ChessBase"]
[SourceDate "2011.10.28"]
[SourceVersion "1"]
[SourceVersionDate "2011.10.28"]
[SourceQuality "1"]

1. d4 Nf6 2. c4 c5 3. d5 e6 4. Nc3 exd5 5. cxd5 d6 6. e4 g6 7. Nf3 Bg7 8. Be2 0-0 9. 0-0 a6 10. a4 Bg4 11. Bf4 Re8 12. Nd2 Bxe2 13. Qxe2 Nh5 14. Be3 Nd7 15. Ra3 Qe7 16. Rb1 Rac8 17. g3 c4 18. Rc1 Ne5 19. a5 Qd7 20. Rc2 f5 21. Na4 Qf7 22. f4 Ng4 23. Nb6 Rcd8 24. Rxc4 Bxb2 25. Ra2 Nxe3 26. Qxe3 Bg7 27. Rac2 fxe4 28. Rc7 Qf6 29. Nb3 Re7 30. R2c4 Rde8 31. Rc2 Qf5 32. Rxe7 Rxe7 33. Rc8+ Kf7 34. Nc4 Qxd5 35. Qb6 Rd7 36. Ne3 Qe6 37. Rc7 Rxc7 38. Qxc7+ Qe7 39. Qc8 Nf6 40. f5 Qd7 41. Qc4+ d5 42. Qb4 Bh6 43. Nc2 gxf5 44. Nc5 Qe7 45. Kg2 Bf8 46. Qxb7 Qxb7 47. Nxb7 Ke8 0-1

[Event "Sunny Beach op 10th"]
[Site "Sunny Beach"]
[Date "2011.08.27"]
[Round "1"]
[White "Bonev, Todor"]
[Black "Stanchev, Aleksandar"]
[Result "1-0"]
[WhiteElo "2300"]
[BlackElo "1910"]
[PlyCount "29"]
[EventDate "2011.08.27"]
[EventType "swiss"]
[EventRounds "9"]
[EventCountry "BUL"]
[SourceTitle "CBM 144 Extra"]
[Source "ChessBase"]
[SourceDate "2011.10.28"]
[SourceVersion "1"]
[SourceVersionDate "2011.10.28"]
[SourceQuality "1"]

1. e4 e5 2. Nf3 Nc6 3. Bb5 a6 4. Ba4 Nf6 5. d4 exd4 6. e5 Ne4 7. 0-0 Bb4 8. Qe2 b5 9. Qxe4 bxa4 10. Nxd4 Nxd4 11. Qxa8 Nxc2 12. Qe4 Nxa1 13. Qxb4 Qe7 14. Qxe7+ Kxe7 15. Na3 1-0